书目信息 |
| 题名: |
诉状写作方法与技巧
|
|
| 作者: | 率蕴铤 , 陈北空 编著 | |
| 分册: | ||
| 出版信息: | 北京 中国政法大学出版社 1992.08 |
|
| 页数: | 368页 | |
| 开本: | 20cm | |
| 丛书名: | ||
| 单 册: | ||
| 中图分类: | H152.3 | |
| 科图分类: | ||
| 主题词: | 汉语--写作 , 汉语--修辞 | |
| 电子资源: | ||
| ISBN: | 7-5620-0808-6 | |
| 000 | 00616nam0 2200205 45 | |
| 001 | 0006111607 | |
| 005 | 20000611165035.4 | |
| 010 | @a7-5620-0808-6@dCNY5.50 | |
| 100 | @a20000611d1992 km y0chiy0120 ea | |
| 101 | 0 | @achi |
| 200 | 1 | @a诉状写作方法与技巧@ASu Zhuang Xie Zuo Fang Fa Yu Ji Qiao@f率蕴铤,陈北空编著@FLu Yun Ting,Chen Bei Kong Bian Zhu |
| 210 | @a北京@c中国政法大学出版社@d1992.08 | |
| 215 | @a368页@d20cm | |
| 606 | 0 | @a汉语@x写作 |
| 606 | 0 | @a汉语@x修辞 |
| 690 | @aH152.3@v3 | |
| 701 | 0 | @a率蕴铤@4编著 |
| 701 | 0 | @a陈北空@4编著 |
| 801 | @aCN@bPftUser@c20000611 | |
| 905 | @b203215-216@dH152.3@eL916@f2 | |
| 诉状写作方法与技巧/率蕴铤,陈北空编著.-北京:中国政法大学出版社,1992.08 |
| 368页;20cm |
| ISBN 7-5620-0808-6:CNY5.50 |
| ● |
| 相关链接 |
|
|
|
正题名:诉状写作方法与技巧
索取号:H152.3/L916
 
预约/预借
| 序号 | 登录号 | 条形码 | 馆藏地/架位号 | 状态 | 备注 |
| 1 | 202420 | 202024200 | 自科二线504/504自科库 45排6列5层/ [索取号:H152.3/L916] | 在馆 | |
| 2 | 202421 | 202024219 | 自科二线504/504自科库 28排2列4层/ [索取号:H152.3/L916] | 在馆 | |
| 3 | 203215 | 202032157 | 语言库209/509社科库 99排2列2层/ [索取号:H152.3/L916] | 在馆 | |
| 4 | 203216 | 202032166 | 语言库209/509社科库 99排2列2层/ [索取号:H152.3/L916] | 在馆 | |
| 5 | 203696 | 202036965 | 社科二线422/422社科库 38排1列2层/ [索取号:H152.3/L916] | 在馆 |